Città europee per immagine #1 - Statistics

Statistiche generali
  • Questo quiz è stato fatto 189 volte
  • Il punteggio medio è 9 su 15
Statistiche sulle risposte
con Immagini Risposta % Corretto
Roma
100%
Milano
96%
Parigi
96%
Torino
84%
Barcellona
79%
Berlino
77%
Budapest
69%
Praga
67%
Pamplona
62%
Copenaghen
42%
Monaco di Baviera
42%
San Pietroburgo
34%
Dublino
32%
Ginevra
23%
Birmingham
3%
Nessun quiz corrispondente trovato
Distribuzione punteggi
Percentuale di utenti per punteggio
Percentile per numero di risposta
I tuoi punteggi nel tempo
Non hai fatto questo quiz